• 首页
  • 本馆介绍
  • 公告通知
  • 最新文献
  • 馆藏检索
  • 电子资源
  • 读者导购
  • 参考咨询
  • 我的图书馆
  • 登录
  • 详细信息显示
  • 放入我的书架
  • 预约/预借图书
  • 作者相关作品
  • 分类相关作品
  • 丛书相关作品
  • 出版社相关作品

书目信息

  • 表格格式
  • 工作单格式
  • 卡片格式
题名:
左学冰鉴,右学官箴
    
 
作者: 莫愚 编著
分册:  
出版信息: 哈尔滨   哈尔滨出版社  2017.02
页数: 289页
开本: 26cm
丛书名:
单 册:
中图分类: C96-092 , D691
科图分类:
主题词: 人才学--中国--清代 , 政治--谋略--中国--古代
电子资源:
ISBN: 978-7-5484-3009-4
000 00957nam0 2200301 450
001 0120172163569
005 20170911101924.65
010    @a978-7-5484-3009-4@dCNY38.00
100    @a20170401d2017 em y0chiy50 ea
101 0  @achi
102    @aCN@b230000
105    @ay z 000yy
106    @ar
200 1  @a左学冰鉴,右学官箴@9zuo xue bing jian , you xue guan zhen@f莫愚编著
205    @a2版
210    @a哈尔滨@c哈尔滨出版社@d2017.02
215    @a289页@d26cm
330    @a本书全面总结了《冰鉴》《官箴》这两部古代为官识人的佳作中极具现实意义的理论,并结合现实生活加以解读分析,旨在让为官从政者从中吸取古人为官和识人的智慧精髓。
333    @a党政工作者
605    @a《冰鉴》@x研究
605    @a《官箴》@x研究
606 0  @a人才学@y中国@z清代
606 0  @a政治@x谋略@y中国@z古代
690    @aC96-092@v5
690    @aD691@v5
701  0 @a莫愚@9mo yu@4编著
801  0 @aCN@b人天书店@c20170401
905    @b1066920-25@dC96-092@e104=2@f6
    
    左学冰鉴,右学官箴/莫愚编著.-2版.-哈尔滨:哈尔滨出版社,2017.02
    289页;26cm
    使用对象:党政工作者
    
    ISBN 978-7-5484-3009-4:CNY38.00
    本书全面总结了《冰鉴》《官箴》这两部古代为官识人的佳作中极具现实意义的理论,并结合现实生活加以解读分析,旨在让为官从政者从中吸取古人为官和识人的智慧精髓。
●
相关链接 在E读中查询图书 在五车中查询图书 在当当中查询图书 在豆瓣中查询图书


正题名:左学冰鉴,右学官箴     索取号:C96-092/104=2         预约/预借

序号 登录号 条形码 馆藏地/架位号 状态 备注
1 1066920   210669203   第一样本阅览室/ [索取号:C96-092/104=2] 在馆    
2 1066921   210669212   密集书库-马院/ [索取号:C96-092/104=2] 在馆    
3 1066922   210669221   第一借阅区/ [索取号:C96-092/104=2] 在馆    
4 1066923   210669230   第一借阅区/ [索取号:C96-092/104=2] 在馆    
5 1066924   210669249   第一借阅区/ [索取号:C96-092/104=2] 在馆    
6 1066925   210669258   第一借阅区/ [索取号:C96-092/104=2] 在馆    
唐山师范学院图书馆 欢迎您!
大连网信软件有限公司© 版权所有